000 00907nam a22002651u 4500
001 06987
003 HDC
007 cr bn ---
008 210125p2016 o d 00 engg
040 _aHDC
100 _aMuti Arintawati
_eauthor
_97491
245 0 _aHalal Cosmetics Certification: A Comprehensive Guide / by
_cMuti Arintawati
260 _a[No Place] :
_b[publisher not identified],
_c2016
300 _a25 pages :
_billustrations
336 _atext
_2rdacontent
337 _acomputer
_2rdamedia
338 _aonline resource
_2rdacarrier
650 _ahalal and haram
_92561
650 _aHalal Cosmetics
_9359
710 _aMajelis Ulama Indonesia
856 _zRequest full-text at [email protected]
942 _2lcc
942 _cSLIDE
942 _kSLID 000230
999 _c4311
_d4311